| 000 | 00731nam a2200193 a 4500 | ||
|---|---|---|---|
| 001 | 000045213 | ||
| 005 | 20240311204354.0 | ||
| 008 | 150210s1983 dr 000 0 spa d | ||
| 040 |
_aDO-SdBNP _bspa _cBNPHU |
||
| 082 |
_axxxx _bxxxx |
||
| 100 | 1 |
_aRoss, Jaime _973225 |
|
| 245 | 1 | 0 |
_aInstrumentos tributarios de financiamientos coadyuvantes a la producción agraria de alimentos / _cJaime Ross ; presentación Luis Naut. |
| 260 |
_aSanto Domingo : _bINCAT, _c1983. |
||
| 300 |
_a1, 229 p. ; _c21 cm. |
||
| 490 | 1 |
_aManuales de finanzas públicas _v17 |
|
| 700 | 1 | 2 |
_aNaut, Luis, _epres. _922075 |
| 710 | 2 | 2 |
_aInstituto de Capacitación Tributaria (República Dominicana) _973226 |
| 830 | 0 |
_aManuales de finanzas públicas ; _n17 _973227 |
|
| 999 |
_c44702 _d44702 |
||